000 00366nam a2200157Ia 4500
008 230312s9999||||xx |||||||||||||| ||und||
020 _a9788130900056
082 _a612
_bSTO-P
100 _aStone ,Patricia
245 0 _aPharmacy Practice
260 _bVIVA Books PRIVATE lmt
_aIndia
_c2008
300 _a355
546 _aEng.
650 _aPharmacy
942 _cBK
999 _c3616
_d3616